000 00443nam a2200181Ia 4500
001 2736
005 20260306144829.0
008 260306t2010||||xx |||||||||||||| ||spa||
041 _aESP
082 _a220
_bU61
100 _aUniversidad de Navarra
_eAUT
245 0 _aSagrada Biblia, comentario:
_bcomentario
260 _c2010
300 _avarias paginaciones : :
_c24 cm.
650 _aGEN
654 _aCHU
942 _cLIB
_dJUS
_fJUS
_2ddc
_n
999 _c2736
_d2736